000 00891nam a22002175i 4500
001 178663
003 ES-MaACL
005 20230906220600.0
008 110610s1971 sp |||| | spa d
080 _a577.213.3
080 _a612.112
100 1 _aRibas Mundó, Manuel.
_996730
245 1 0 _aCultivo de leucocitos "in vitro"
_b: dinámica del cultivo : síntesis del DNA y estudios cromosómicos /
_cresumen de la tesis presentada para aspirar al grado de doctor en medicina por Manuel Ribas Mundó.
260 _aBarcelona :
_bUniversidad de Barcelona, Secretariado de Publicaciones, Intercambio Científico y Extensión Universitaria :
_bIvern,
_c1971.
300 _a12 p. ;
_c24 cm.
500 _aCub. tomada como port.
650 0 4 _aADN.
_99647
650 4 _aLeucocitos.
_9136394
710 2 _aUniversidad de Barcelona.
_97141
852 _aES-MaACL
_jE-15361 (70)
_xOlim P-1374
999 _c178663
_d178663